| Поле | Инд. | ПП | Название | Значение |
|---|---|---|---|---|
| Тип записи | a | |||
| Библиографический уровень | m | |||
| 001 | Контрольный номер | d86ad890-2402-480e-b9a1-bc3d47566b93 | ||
| 005 | Дата корректировки | 20140226131247.9 | ||
| 008 | Кодируемые данные | 950630s1995 rur 00000 rus d | ||
| 020 | a | ISBN | 5-8474-0234-1 | |
| c | Цена, тираж | 13000.00 | ||
| 080 | a | Индекс УДК | 947.0 | |
| a | Индекс УДК | 957.0 | ||
| a | Индекс УДК | 929Сталин | ||
| 084 | a | Индекс другой классификации/Индекс ББК | Т3(2)6-8 | |
| a | Индекс другой классификации/Индекс ББК | Ф61(2)8 | ||
| 090 | c | Каталожный индекс | Т3(2)6-8 + Ф61(2)8 | |
| x | Авторский знак | С76 | ||
| a | Полочн. индекс | Т3(2)6 | ||
| 245 | 00 | a | Заглавие | Сталин: в воспоминаниях современников и документах эпохи |
| c | Ответственность | [Сост. М. Лобанов] | ||
| 260 | 0_ | a | Место издания | Москва |
| b | Издательство | Новая кн. | ||
| c | Дата издания | 1995 | ||
| 300 | a | Объем | 735 с. | |
| 440 | a | Серия | Всемир. история человечества : Тайные страницы истории | |
| 500 | a | Примечание | Загл. обл. и тит. л.: Сталин. | |
| 583 | a | Действие | Приписка 258 23.07.97 | |
| k | Исполнитель действия | Детский клуб "Ковчег" | ||
| 650 | a | Основная рубрика | СССР | |
| x | Основная подрубрика | История | ||
| 650 | a | Основная рубрика | Политические и государственные деятели СССР | |
| x | Основная подрубрика | История | ||
| 650 | a | Основная рубрика | КПСС | |
| x | Основная подрубрика | История | ||
| 653 | a | Ключевые слова | Сталин | |
| 700 | 1_ | a | Другие авторы | Лобанов М |
| 852 | t | Порядковый номер экземпляра | 1 | |
| p | Инвентарный номер | 673746 | ||
| 852 | t | Порядковый номер экземпляра | 1 | |
| p | Инвентарный номер | 684851 20000.00 | ||
| 888 | a | За наличные | ||
| 952 | p | 258 20000.00 1 684851 | ||
| c | Вид литературы | К рн | ||
| 954 | a | Дата поступления на обработку | 24.10.96 | |
| 999 | a | Подразделение 2 | ч.з. | |
| a | Подразделение 2 | аб. |